000 nam a22 7a 4500
999 _c10617
_d10617
008 180219b ||||| |||| 00| 0 eng d
100 _aGoel,R.
_96509
245 _aPrimary Science-4
260 _aNew Delhi
_bGoyal